Sea Meat

Uloženo v:
Podrobná bibliografie
Médium: Kniha
Jazyk:angličtina
Vydáno: New York Star Distributors c1986
Tagy: Přidat tag
Žádné tagy, Buďte první, kdo vytvoří štítek k tomuto záznamu!

MARC

LEADER 00000nam a2200000 4500
001 CDOM0000000266
003 mi
005 20250820120254.0
008 250820b |||||||| |||| 00| 0 eng d
040 |c mi 
245 1 |a Sea Meat 
260 |a New York  |b Star Distributors  |c c1986 
300 |a 150 p.  |c ill.  |c 18 cm 
500 |a Titolo dalla copertina 
942 |2 ddc  |c BK 
952 |0 0  |1 0  |2 ddc  |4 0  |6 B_LNR02ANONISEA11  |7 0  |9 4609  |a MI  |b MI  |d 2005-04-30  |i 201  |l 0  |o B-LNR02-ANONI-SEA11  |p CDOM201  |r 2025-07-04 21:34:30  |w 2025-07-04  |x ACQUISTO  |y BK 
999 |c 3600  |d 3600